Score 0/20 Timer 05:00
1 Play Today
Settlement Missing Word % Correct
Stratford-upon-_____Avon
95.6%
Kingston upon _____Hull/Thames
79.7%
_____ AndrewsSt.
78.3%
_____ upon TyneNewcastle
77.6%
_____ YarmouthGreat
72.5%
Weston-_____-MareSuper
71.4%
_____ LynnKing's
63.8%
Bury St _____Edmunds
63%
_____ TalbotPort
59.2%
Stockton-on-_____Tees
59%
Settlement Missing Word % Correct
Welwyn _____ CityGarden
55.9%
_____ BuzzardLeighton
53.5%
Royal _____ WellsTunbridge
53.4%
_____ WilliamFort
52.3%
_____ HarboroughMarket
47.7%
Derry/_____Londonderry
46%
Stow-on-the-_____Wold
44.5%
Sutton _____Coldfield
44.4%
Droitwich _____Spa
18.8%
Stansted _____Mountfitchet
10.8%

Today's Daily Dose

Missing Word
'T' Pairs

Word Ladder
Game Pieces

Get the Picture
Baseball Movies

Remove Ads.
Support Sporcle.
Get the best of Sporcle when you Go Orange. This ad-free experience offers more features, more stats, and more fun while also helping to support Sporcle. Thank you for becoming a member.

You're not logged in!

Compare scores with friends on all Sporcle quizzes.
OR
Log In

Show Comments

Extras

Top Quizzes Today


Score Distribution

Your Account Isn't Verified!

In order to create a playlist on Sporcle, you need to verify the email address you used during registration. Go to your Sporcle Settings to finish the process.

Report this User

Report this user for behavior that violates our Community Guidelines.

Details: